00543nam a2200133Ia 4500008004100000041001200041082001600053100002200069245021600091260006700307300000800374650001200382700001500394221030s9999 xx 000 0 und d aEnglish a105.23bPad aK. K. Padmanabhan 0aProceedings : Indian Society for Technical Education 33rd Annual Convention & National Seminar, 27-30 Dec 2003, theme Reaching the Unreached - A Challenge to Technical Educationcby K. K. Padmanabhan, S. Bhaskar bKumaraguru College of tehnology, Coimbatore IndiaaIndiac2003 a794 aGeneral aS. Bhaskar